00517nam a22001457a 450000500170000001000150001702000110003203500140004303700090005708200080006624500960007426001130017027000660028330000220034920250728150910.0 aENG-146152 c365.00 aEN-129684 bDBAD a921 aThe Republican Ethic/cHarini SrinivasanbPresident Ram Nath Kovind selected speeches-Vol.3 aNew DelhibDirector General publications Division Ministry of Information & Broadcasting Government of India a Soochna Bhawan, CGO Complex , Lodhi RoadbNew Delhi e110003 a245p.c24.6cm(hb)